00366nam a2200109Ia 4500008004100000082002100041100001500062245001600077260003000093300001000123650012300133211119s9999||||xx |||||||||||||| ||und|| a894.812 3bJAM-N aJames, V J 0aNireeswaran bD c BooksaKottayamc2014 a310p. aLiterature & rhetoricv Literatures of other languagesAltaic, Uralic, Hyperborean & Dravidian MalayalamxGeneral Stack